000
00215nam a2200097Ia 4500
008
230508s1990 xx 000 0 und d
041
_a
eng
100
_a
GROB BERNARD.
245
_a
BASIC ELECTRONICS
260
_c
1990
999
_c
331421
_d
331421